| 000 | 00669nam a22001337a 4500 | ||
|---|---|---|---|
| 040 | _cRUA | ||
| 082 | _aVEM TRY 2015 B515 Or. | ||
| 100 | _aTRY SAMDY; ទ្រី សាមឌី | ||
| 245 | _aEffective of different types of rice milling machines on grain quality at different moisture content; ឥទ្ធិពលនៃការកិនស្រូវដោយម៉ាស៊ីនប្រភេទផ្សេងគ្នាទៅលើគុណភាពគ្រាប់ ក្នុងលក្ខខណ្ឌសំណើមខុសគ្នា | ||
| 260 |
_aRUA _bPhnom Penh _c2015 |
||
| 300 |
_axiii; 54p. _bill. _c29cm. |
||
| 856 | _uTRY SAMDY | ||
| 942 | _cVEM | ||
| 999 |
_c9304 _d9304 |
||